[Event "12th EUR-ch"]
[Site "Aix-les-Bains FRA"]
[Date "2011.04.02"]
[Round "11.8"]
[White "Nepomniachtchi, Ian"]
[Black "Korobov, Anton"]
[Result "0-1"]
[WhiteElo "2729"]
[BlackElo "2647"]
[EventDate "2011.03.22"]
[PlyCount "102"]

1.e4 c5 2.Nf3 d6 3.d4 cxd4 4.Nxd4 Nf6 5.Nc3 a6 6.Be3 e6 7.f3 b5 8.g4 h6 9.
Qd2 Nbd7 10.a3 Bb7 11.O-O-O Rc8 12.h4 Nb6 13.Rg1 Nfd7 14.g5 hxg5 15.hxg5 
g6 16.f4 e5 17.Nf3 Qc7 18.f5 Nc5 19.Bxc5 Qxc5 20.fxg6 fxg6 21.Bd3 Be7 22.
Rh1 Rf8 23.Rh3 Rc7 24.Kb1 Nc4 25.Bxc4 Qxc4 26.Qe3 Qc5 27.Qe2 Bc8 28.Rg3 
Be6 29.Nh4 Rf2 30.Qe1 a5 31.Re3 b4 32.Nxg6 Rg2 33.Nxe7 Rxe7 34.Red3 bxc3 
35.Rxc3 Qf2 36.Qxf2 Rxf2 37.b3 Rd7 38.Rc8+ Kf7 39.Rh8 Kg7 40.Rh6 Bf7 41.
Rhxd6 Rc7 42.R1d2 Rxd2 43.Rxd2 Kg6 44.Rf2 Re7 45.Rg2 Be8 46.c4 Bc6 47.Rg4 
Rf7 48.b4 Rf4 49.Rg3 Bxe4+ 50.Kb2 Rf3 51.Rg4 Bf5 0-1

[Event "12th EUR-ch"]
[Site "Aix-les-Bains FRA"]
[Date "2011.04.02"]
[Round "11.9"]
[White "Khairullin, Ildar"]
[Black "Jobava, Baadur"]
[Result "1/2-1/2"]
[WhiteElo "2634"]
[BlackElo "2707"]
[EventDate "2011.03.22"]
[PlyCount "54"]

1.d4 Nf6 2.c4 e6 3.Nf3 d5 4.Nc3 dxc4 5.e4 Bb4 6.Bg5 c5 7.Bxc4 cxd4 8.Nxd4 
Bxc3+ 9.bxc3 Qa5 10.Bb5+ Bd7 11.Bxf6 gxf6 12.Bxd7+ Nxd7 13.O-O a6 14.Rb1 
Qc7 15.Qh5 Nc5 16.Rb4 Qe5 17.Qh4 Rd8 18.f4 Qxe4 19.Re1 Qd3 20.Qxf6 Rg8 21.
Nf5 Rd7 22.Rd4 Qxc3 23.Red1 exf5 24.Qe5+ Kf8 25.Qb8+ Kg7 26.Qe5+ Kf8 27.
Qb8+ Kg7 1/2-1/2

[Event "12th EUR-ch"]
[Site "Aix-les-Bains FRA"]
[Date "2011.04.02"]
[Round "11.10"]
[White "Iordachescu, Viorel"]
[Black "Riazantsev, Alexander"]
[Result "1/2-1/2"]
[WhiteElo "2626"]
[BlackElo "2679"]
[EventDate "2011.03.22"]
[PlyCount "36"]

1.e4 c6 2.d4 d5 3.Nc3 dxe4 4.Nxe4 Bf5 5.Ng3 Bg6 6.h4 h6 7.Nf3 Nd7 8.h5 Bh7
9.Bd3 Bxd3 10.Qxd3 e6 11.Bd2 Ngf6 12.O-O-O Be7 13.Ne4 Nxe4 14.Qxe4 Nf6 15.
Qe2 Qd5 16.c4 Qe4 17.Qxe4 Nxe4 18.Be3 f5 1/2-1/2

[Event "12th EUR-ch"]
[Site "Aix-les-Bains FRA"]
[Date "2011.04.02"]
[Round "11.12"]
[White "Inarkiev, Ernesto"]
[Black "Khalifman, Alexander"]
[Result "1-0"]
[WhiteElo "2674"]
[BlackElo "2637"]
[EventDate "2011.03.22"]
[PlyCount "104"]

1.d4 Nf6 2.c4 g6 3.g3 c5 4.d5 b5 5.cxb5 a6 6.bxa6 Bxa6 7.Bg2 d6 8.Nf3 Bg7 
9.O-O Nbd7 10.Nc3 Nb6 11.Rb1 Bc4 12.Ne1 Nfd7 13.a3 O-O 14.Bd2 Nf6 15.Bc1 
Nfd7 16.Bd2 Nf6 17.b3 Bxd5 18.Nxd5 Nfxd5 19.a4 e6 20.a5 Nd7 21.b4 N7f6 22.
Nc2 Re8 23.Qc1 cxb4 24.Nxb4 Qd7 25.Qc6 Qxc6 26.Nxc6 Nd7 27.Rfc1 Ra6 28.Bf1
Nc3 29.Bxc3 Rxc6 30.Bxg7 Rxc1 31.Rxc1 Kxg7 32.a6 Ra8 33.Rc6 d5 34.Rc7 Nf6 
35.e3 Ne8 36.Rd7 Nf6 37.Rb7 Ne4 38.a7 Kf6 39.Rc7 Nd6 40.Ba6 e5 41.Kf1 e4 
42.Ke2 Ke5 43.Kd2 d4 44.exd4+ Kxd4 45.Kc2 f5 46.Kb3 Ne8 47.Rxh7 Kc5 48.h4 
Kb6 49.Bc4 Nc7 50.Bf7 Rxa7 51.Bxg6 Ra5 52.Rf7 e3 1-0

[Event "12th EUR-ch"]
[Site "Aix-les-Bains FRA"]
[Date "2011.04.02"]
[Round "11.13"]
[White "Saric, Ivan"]
[Black "Nielsen, Peter Heine"]
[Result "1/2-1/2"]
[WhiteElo "2626"]
[BlackElo "2670"]
[EventDate "2011.03.22"]
[PlyCount "109"]

1.e4 e5 2.Nf3 Nc6 3.Bb5 a6 4.Ba4 Nf6 5.O-O Nxe4 6.d4 b5 7.Bb3 d5 8.dxe5 
Be6 9.Nbd2 Nc5 10.c3 Be7 11.Bc2 d4 12.cxd4 Nxd4 13.Nxd4 Qxd4 14.Nf3 Qxd1 
15.Rxd1 O-O 16.Be3 Rfd8 17.Rdc1 h6 18.Bxc5 Bxc5 19.Be4 Bd5 20.Rxc5 Bxe4 
21.Rxc7 Bxf3 22.gxf3 Rd2 23.b3 Re8 24.Re1 Rxa2 25.f4 Rd2 26.Kg2 Rd4 27.Kf3
Rb4 28.Re3 g5 29.fxg5 hxg5 30.Kg3 Rf4 31.h4 Rxh4 32.Rf3 Rh7 33.Rf5 f6 34.
Rxh7 Kxh7 35.exf6 Kg6 36.f7 Rf8 37.Kg4 Rxf7 38.Rxg5+ Kh6 39.f4 Ra7 40.f5 
Rg7 41.Rxg7 Kxg7 42.b4 a5 43.bxa5 b4 44.a6 b3 45.a7 b2 46.a8=Q b1=Q 47.
Qa7+ Kg8 48.Qd4 Qb7 49.Qc4+ Kf8 50.Qc5+ Qe7 51.Qc6 Qe2+ 52.Kg5 Qe3+ 53.Kg6
Qg1+ 54.Kh5 Qh2+ 55.Kg4 1/2-1/2

[Event "12th EUR-ch"]
[Site "Aix-les-Bains FRA"]
[Date "2011.04.02"]
[Round "11.14"]
[White "Cheparinov, Ivan"]
[Black "Beliavsky, Alexander"]
[Result "1/2-1/2"]
[WhiteElo "2664"]
[BlackElo "2619"]
[EventDate "2011.03.22"]
[PlyCount "111"]

1.e4 e5 2.Nf3 Nc6 3.Bb5 a6 4.Ba4 Nf6 5.O-O Be7 6.Re1 b5 7.Bb3 O-O 8.h3 Bb7
9.d3 d6 10.a3 Na5 11.Ba2 c5 12.Nc3 Nc6 13.Bd2 Nd4 14.Nxd4 cxd4 15.Ne2 d5 
16.Ng3 dxe4 17.dxe4 g6 18.c3 Bc5 19.Qf3 Ne8 20.Rad1 Qf6 21.cxd4 Qxf3 22.
gxf3 exd4 23.Bb4 Bxb4 24.axb4 Rd8 25.Ne2 Ng7 26.Nxd4 Nh5 27.h4 Nf4 28.Nb3 
Bc8 29.Nc5 Kg7 30.Bd5 Rfe8 31.Bc6 Rg8 32.Kh2 Kf6 33.Bd7 Bxd7 34.Nxd7+ Ke7 
35.Nc5 h6 36.Nxa6 g5 37.Nc7 gxh4 38.Nd5+ Nxd5 39.exd5+ Kd6 40.Re4 Rg6 41.
Rxh4 Rdg8 42.Kh3 Rf6 43.Rd3 Rg5 44.Ra3 Kxd5 45.Rc3 Kd6 46.Rd4+ Ke7 47.f4 
Rg1 48.Re3+ Re6 49.Rd5 Rb1 50.Rxb5 Rxb2 51.Kg3 Kf6 52.Rb7 h5 53.Rd3 Kg7 
54.f5 Rf6 55.Rf3 Rd6 56.Kh4 1/2-1/2

[Event "12th EUR-ch"]
[Site "Aix-les-Bains FRA"]
[Date "2011.04.02"]
[Round "11.15"]
[White "Ivanisevic, Ivan"]
[Black "Smirin, Ilia"]
[Result "1/2-1/2"]
[WhiteElo "2617"]
[BlackElo "2658"]
[EventDate "2011.03.22"]
[PlyCount "99"]

1.d4 Nf6 2.Bg5 Ne4 3.Bh4 c5 4.e3 Qb6 5.Nc3 Nxc3 6.bxc3 Qa5 7.Qd2 g6 8.Nf3 
Bg7 9.Be2 Nc6 10.O-O d5 11.Rab1 a6 12.c4 dxc4 13.d5 c3 14.Qd1 Nb4 15.a3 
Qxa3 16.d6 Qa4 17.Bc4 e6 18.Ng5 Qc6 19.Qg4 O-O 20.Rbd1 Bd7 21.Bg3 b5 22.
Be2 f5 23.Qh3 h6 24.Bf3 Qc8 25.Nxe6 Bxe6 26.d7 Bxd7 27.Bxa8 Be6 28.Rd6 Re8
29.Bf3 f4 30.Rxe6 Qxe6 31.Bg4 Qe4 32.Bxf4 Qxc2 33.Bd7 Re7 34.Bd6 Re4 35.
Be6+ Rxe6 36.Qxe6+ Kh7 37.Bxc5 Qa2 38.Qe7 Nd5 39.Qb7 Kg8 40.Qc8+ Kh7 41.
Qb7 Qc4 42.Bd4 Nc7 43.Bb6 Ne6 44.Ba5 c2 45.Bd2 Nc5 46.Qc7 b4 47.f4 b3 48.
Bc1 Qc3 49.f5 gxf5 50.Qf7 1/2-1/2

[Event "12th EUR-ch"]
[Site "Aix-les-Bains FRA"]
[Date "2011.04.02"]
[Round "11.16"]
[White "Gustafsson, Jan"]
[Black "Azarov, Sergei"]
[Result "1/2-1/2"]
[WhiteElo "2647"]
[BlackElo "2615"]
[EventDate "2011.03.22"]
[PlyCount "95"]

1.d4 d5 2.c4 e6 3.Nc3 Be7 4.Bf4 Nf6 5.e3 O-O 6.Rc1 c5 7.dxc5 Bxc5 8.Nf3 
Nc6 9.a3 dxc4 10.Bxc4 Qxd1+ 11.Kxd1 b6 12.Bb5 Bd7 13.h3 a6 14.Bd3 Be7 15.
Ke2 Rfc8 16.Rhd1 Be8 17.Nd2 b5 18.Nce4 Nxe4 19.Nxe4 Na5 20.Nd6 Bxd6 21.
Bxd6 Bc6 22.Bb4 Nc4 23.Bc3 f6 24.f3 Nb6 25.Ba5 Nc4 26.Bc3 Nb6 27.Bd4 Nc4 
28.a4 Na5 29.axb5 Bxb5 30.Rxc8+ Rxc8 31.Bc3 Nc6 32.Bxb5 axb5 33.Rd6 e5 34.
Rd7 h5 35.Kd3 Kh7 36.Ke4 b4 37.Be1 Na5 38.Ra7 Rc5 39.Kd3 Rd5+ 40.Ke2 Rb5 
41.Rc7 Kg6 42.g4 hxg4 43.hxg4 Rb8 44.Rc5 Nb3 45.Rc4 Rh8 46.Rxb4 Rh2+ 47.
Kd1 Nc5 48.Bc3 1/2-1/2

[Event "12th EUR-ch"]
[Site "Aix-les-Bains FRA"]
[Date "2011.04.02"]
[Round "11.17"]
[White "Postny, Evgeny"]
[Black "Dreev, Aleksey"]
[Result "1-0"]
[WhiteElo "2585"]
[BlackElo "2697"]
[EventDate "2011.03.22"]
[PlyCount "55"]

1.d4 d5 2.c4 c6 3.Nf3 Nf6 4.Nc3 e6 5.Qb3 Nbd7 6.Bg5 h6 7.Bh4 g5 8.Bg3 Nh5 
9.e3 Nxg3 10.hxg3 Bg7 11.Bd3 dxc4 12.Qxc4 c5 13.d5 exd5 14.Qxd5 Qe7 15.
O-O-O a6 16.Ne4 Nb6 17.Qb3 Nd7 18.Bb1 c4 19.Qxc4 Ne5 20.Nxe5 Bxe5 21.f4 
Be6 22.Qd3 Bg7 23.Nd6+ Kf8 24.e4 Qc7+ 25.Bc2 Qa5 26.a3 Ke7 27.Nf5+ Bxf5 
28.Qd6+ 1-0

[Event "12th EUR-ch"]
[Site "Aix-les-Bains FRA"]
[Date "2011.04.02"]
[Round "11.18"]
[White "Matlakov, Maxim"]
[Black "Fressinet, Laurent"]
[Result "1/2-1/2"]
[WhiteElo "2625"]
[BlackElo "2693"]
[EventDate "2011.03.22"]
[PlyCount "96"]

1.d4 Nf6 2.c4 e6 3.Nf3 d5 4.e3 a6 5.b3 c5 6.Bb2 Nc6 7.Bd3 Be7 8.O-O cxd4 
9.exd4 Nb4 10.Be2 b6 11.Nc3 Bb7 12.a3 Nc6 13.cxd5 exd5 14.Ne5 O-O 15.Rc1 
Rc8 16.Bf3 Re8 17.Re1 Bf8 18.b4 Ne7 19.Rc2 Nf5 20.g3 Nd6 21.Bg2 Rc7 22.
Rce2 Rce7 23.Qd3 Nfe4 24.Nxe4 dxe4 25.Qb3 Qa8 26.Ng4 Bd5 27.Qd1 Nc4 28.Bc1
a5 29.Ne3 Nxe3 30.Rxe3 axb4 31.axb4 Re6 32.Bd2 g6 33.Bh3 f5 34.Qb1 Bg7 35.
Qb2 Qd8 36.Ra3 Qf6 37.Bf4 Rc8 38.Be5 Qe7 39.Bxg7 Kxg7 40.b5 Rc7 41.Rc1 Rd7
42.Re3 Qf6 43.Qb4 Red6 44.Rec3 Bf7 45.Rc6 Qxd4 46.Qa3 Qe5 47.Bf1 Rd1 48.
Qe3 Qxb5 1/2-1/2

[Event "12th EUR-ch"]
[Site "Aix-les-Bains FRA"]
[Date "2011.04.02"]
[Round "11.19"]
[White "Volkov, Sergey"]
[Black "Sutovsky, Emil"]
[Result "1-0"]
[WhiteElo "2621"]
[BlackElo "2692"]
[EventDate "2011.03.22"]
[PlyCount "51"]

1.d4 Nf6 2.c4 g6 3.Nc3 d5 4.cxd5 Nxd5 5.e4 Nxc3 6.bxc3 Bg7 7.Be3 c5 8.Qd2 
Qa5 9.Rc1 O-O 10.Nf3 Bg4 11.Be2 e6 12.d5 exd5 13.exd5 Nd7 14.c4 Qa3 15.O-O
Rae8 16.Rfe1 f5 17.d6 Kh8 18.h3 Bxf3 19.Bxf3 Ne5 20.Bg5 h6 21.Be7 Kh7 22.
Bxb7 Nd3 23.d7 Nxc1 24.Bxf8 Rxf8 25.Re8 Rf7 26.d8=Q 1-0

[Event "12th EUR-ch"]
[Site "Aix-les-Bains FRA"]
[Date "2011.04.02"]
[Round "11.20"]
[White "Rublevsky, Sergei"]
[Black "Vuckovic, Bojan"]
[Result "1-0"]
[WhiteElo "2678"]
[BlackElo "2626"]
[EventDate "2011.03.22"]
[PlyCount "73"]

1.e4 c6 2.d4 d5 3.e5 Bf5 4.Nd2 e6 5.Nb3 Nd7 6.Nf3 Bg6 7.Be2 Ne7 8.O-O Nf5 
9.Bd2 Be7 10.g4 Nh4 11.Nxh4 Bxh4 12.f4 Be4 13.Bf3 Bxf3 14.Qxf3 Be7 15.f5 
O-O 16.Rae1 c5 17.c3 c4 18.Nc1 Bg5 19.Bxg5 Qxg5 20.Ne2 exf5 21.Qxf5 Qe7 
22.Nf4 Nb6 23.Nh5 Qe6 24.Qg5 Qg6 25.Qh4 Rae8 26.Rf5 f6 27.e6 Re7 28.Nf4 
Qe8 29.g5 fxg5 30.Qxg5 Rxf5 31.Qxf5 Qc6 32.Qg5 Qd6 33.Re5 Re8 34.Qh5 g6 
35.Qg4 Re7 36.h4 Kh8 37.Qg5 1-0

[Event "12th EUR-ch"]
[Site "Aix-les-Bains FRA"]
[Date "2011.04.02"]
[Round "11.21"]
[White "Volokitin, Andrei"]
[Black "Romanov, Evgeny"]
[Result "0-1"]
[WhiteElo "2677"]
[BlackElo "2624"]
[EventDate "2011.03.22"]
[PlyCount "114"]

1.e4 e5 2.Nf3 Nc6 3.Bb5 g6 4.c3 a6 5.Ba4 d6 6.d4 Bd7 7.O-O Bg7 8.d5 Nce7 
9.Bxd7+ Qxd7 10.c4 h6 11.Qb3 b6 12.a4 f5 13.Nc3 a5 14.Qb5 Nf6 15.Be3 Qxb5 
16.axb5 Kd7 17.Ra4 g5 18.Rfa1 Rab8 19.b4 axb4 20.Rxb4 g4 21.Ne1 Nxe4 22.
Nxe4 fxe4 23.Rba4 h5 24.Nc2 Nf5 25.Nb4 Nxe3 26.fxe3 Bh6 27.Re1 Rbf8 28.Na2
Rf5 29.Nc3 Rhf8 30.Nd1 Bg5 31.Ra2 Bh4 32.g3 Bg5 33.Kg2 Rf3 34.Ra1 h4 35.
Ra3 Ke7 36.Ra7 Kd7 37.Ra3 R8f7 38.Ra8 Bd8 39.Ra2 Bg5 40.Rae2 Rf8 41.Nc3 
h3+ 42.Kg1 Ra8 43.Nxe4 Bh6 44.Nd2 Ra3 45.Nxf3 gxf3 46.Rb2 Bxe3+ 47.Kf1 Bd4
48.Rc2 Ke7 49.Re4 Bc5 50.Rc1 Ra2 51.Rc3 Ra1+ 52.Re1 Rxe1+ 53.Kxe1 Bb4 54.
Kf2 Bxc3 55.Kxf3 Kf6 56.Kg4 e4 57.Kxh3 e3 0-1

[Event "12th EUR-ch"]
[Site "Aix-les-Bains FRA"]
[Date "2011.04.02"]
[Round "11.22"]
[White "Akopian, Vladimir"]
[Black "Lenic, Luka"]
[Result "1/2-1/2"]
[WhiteElo "2675"]
[BlackElo "2623"]
[EventDate "2011.03.22"]
[PlyCount "76"]

1.e4 e5 2.Nf3 Nc6 3.Bb5 a6 4.Ba4 Nf6 5.O-O Be7 6.Re1 b5 7.Bb3 d6 8.c3 O-O 
9.h3 Na5 10.Bc2 c5 11.d4 Nd7 12.a4 Bb7 13.d5 Qc7 14.Qe2 Nb6 15.Bd2 bxa4 
16.Bxa4 Nxa4 17.Rxa4 Nb3 18.Be3 Rfb8 19.Nbd2 Bc8 20.Nxb3 Rxb3 21.Rea1 a5 
22.R4a2 Bd7 23.Nd2 Rb7 24.Qd1 Bb5 25.Ra3 g6 26.R1a2 Kg7 27.b3 Rba7 28.Qa1 
Ra6 29.c4 Bd7 30.Nb1 Rb6 31.Bd2 Qb7 32.Rb2 a4 33.Bc3 Rb8 34.Nd2 Bg5 35.Nf3
Bf6 36.Nd2 Bg5 37.Nf3 Bf6 38.Nd2 Bg5 1/2-1/2

[Event "12th EUR-ch"]
[Site "Aix-les-Bains FRA"]
[Date "2011.04.02"]
[Round "11.23"]
[White "Kobalia, Mikhail"]
[Black "Savchenko, Boris"]
[Result "1-0"]
[WhiteElo "2672"]
[BlackElo "2616"]
[EventDate "2011.03.22"]
[PlyCount "93"]

1.e4 Nf6 2.e5 Nd5 3.d4 d6 4.Nf3 g6 5.exd6 cxd6 6.c4 Nb6 7.h3 Bg7 8.Nc3 O-O
9.Be2 Nc6 10.O-O Bf5 11.Be3 d5 12.b3 dxc4 13.bxc4 Na5 14.c5 Nbc4 15.Bf4 b6
16.Bxc4 Nxc4 17.Qe2 bxc5 18.Qxc4 cxd4 19.Ne2 Rc8 20.Qa6 d3 21.Ng3 Bxa1 22.
Rxa1 Qb6 23.Qa4 Be6 24.Be3 Qb2 25.Re1 Qxa2 26.Qb4 Rfe8 27.Qh4 f6 28.Qh6 
Bd7 29.Rd1 Ba4 30.Re1 a5 31.Bd4 Qf7 32.Qd2 Bc6 33.Re3 e5 34.Bc3 e4 35.Nd4 
Bd5 36.Ngf5 Qc7 37.Bb2 Re5 38.Nh6+ Kg7 39.Ng4 Rb8 40.Rg3 e3 41.Nxe3 Be6 
42.Bc3 Rd8 43.Bxa5 Qd7 44.Nxe6+ Rxe6 45.Bxd8 Qxd8 46.Nf5+ Kf7 47.Rxd3 1-0

[Event "12th EUR-ch"]
[Site "Aix-les-Bains FRA"]
[Date "2011.04.02"]
[Round "11.24"]
[White "Stevic, Hrvoje"]
[Black "Bologan, Viorel"]
[Result "0-1"]
[WhiteElo "2611"]
[BlackElo "2671"]
[EventDate "2011.03.22"]
[PlyCount "72"]

1.e4 c5 2.d3 d5 3.exd5 Qxd5 4.Nc3 Qd8 5.Nf3 e6 6.g3 Ne7 7.Bg2 Nf5 8.O-O 
Nc6 9.Ne4 Be7 10.c3 h5 11.h4 f6 12.a3 a5 13.a4 e5 14.Qe2 Be6 15.Be3 b6 16.
Nfd2 Rc8 17.Nc4 O-O 18.Ra3 g6 19.Rb3 Kg7 20.Ned2 Ncd4 21.cxd4 cxd4 22.Bg5 
Bxc4 23.Nxc4 fxg5 24.hxg5 Bb4 25.Rxb4 axb4 26.Qd2 Rxc4 27.dxc4 h4 28.g4 
Nd6 29.f4 Nxc4 30.Qe1 Ne3 31.Rf3 exf4 32.Qxh4 Rh8 33.Qf2 d3 34.Rxf4 d2 35.
Qxe3 d1=Q+ 36.Bf1 Q8d6 0-1

[Event "12th EUR-ch"]
[Site "Aix-les-Bains FRA"]
[Date "2011.04.02"]
[Round "11.25"]
[White "Fridman, Daniel"]
[Black "Papaioannou, Ioannis"]
[Result "1-0"]
[WhiteElo "2661"]
[BlackElo "2605"]
[EventDate "2011.03.22"]
[PlyCount "83"]

1.d4 Nf6 2.c4 e6 3.Nf3 c5 4.d5 d6 5.Nc3 exd5 6.cxd5 g6 7.Bf4 a6 8.a4 Bg7 
9.h3 O-O 10.e3 Qb6 11.Ra3 Nh5 12.Rb3 Qa5 13.Bxd6 Rd8 14.Bh2 Nf6 15.Qd2 Nc6
16.Bc4 Nb4 17.O-O Bf5 18.d6 Be6 19.Qe2 Re8 20.Bxe6 fxe6 21.e4 Nd7 22.e5 
Rac8 23.Nd2 Qd8 24.f4 Rb8 25.Nf3 b5 26.axb5 axb5 27.Kh1 Qa5 28.Qe4 c4 29.
Ra3 Qd8 30.Bg1 Rf8 31.Ra7 Bh6 32.g3 Rf7 33.Rfa1 Nd3 34.Ra8 b4 35.Rxb8 Nxb8
36.Qxc4 Nxf4 37.gxf4 bxc3 38.bxc3 Bxf4 39.Qxe6 Kg7 40.Ra8 Bh6 41.Kg2 Rb7 
42.Bd4 1-0

[Event "12th EUR-ch"]
[Site "Aix-les-Bains FRA"]
[Date "2011.04.02"]
[Round "11.26"]
[White "Hammer, Jon Ludvig"]
[Black "Smeets, Jan"]
[Result "1/2-1/2"]
[WhiteElo "2606"]
[BlackElo "2660"]
[EventDate "2011.03.22"]
[PlyCount "99"]

1.d4 d5 2.c4 c6 3.Nf3 Nf6 4.Nc3 dxc4 5.a4 e6 6.e3 c5 7.Bxc4 Nc6 8.O-O cxd4
9.exd4 Be7 10.Qe2 O-O 11.Rd1 Nb4 12.Ne5 Bd7 13.a5 a6 14.Bg5 Bc6 15.Na4 
Bxa4 16.Rxa4 Nfd5 17.Bd2 Rc8 18.Bxb4 Nxb4 19.Nxf7 Rxf7 20.Bxe6 Qf8 21.Ra3 
Rc2 22.Qe1 Nc6 23.Re3 Bf6 24.d5 Nd8 25.Bxf7+ Kxf7 26.d6 Rxb2 27.Qf1 g6 28.
Qc4+ Kg7 29.Qc7+ Nf7 30.Re7 Kg8 31.Re6 Be5 32.Qd7 Nxd6 33.f3 Qf4 34.Rxe5 
Qxe5 35.Qxd6 Qxd6 36.Rxd6 Rb5 37.Rd8+ Kg7 38.Rd7+ Kg8 39.Kf2 Rxa5 40.Rxb7 
Rc5 41.g4 h5 42.Rb6 Kg7 43.Rxa6 hxg4 44.fxg4 g5 45.Kf3 Rc4 46.h3 Rc3+ 47.
Ke4 Rxh3 48.Kf5 Rb3 49.Kxg5 Rb5+ 50.Kh4 1/2-1/2

[Event "12th EUR-ch"]
[Site "Aix-les-Bains FRA"]
[Date "2011.04.02"]
[Round "11.27"]
[White "Gharamian, Tigran"]
[Black "Pantsulaia, Levan"]
[Result "1/2-1/2"]
[WhiteElo "2650"]
[BlackElo "2595"]
[EventDate "2011.03.22"]
[PlyCount "88"]

1.e4 c6 2.d4 d5 3.e5 Bf5 4.Nf3 e6 5.Be2 Ne7 6.O-O Bg6 7.Nbd2 Nf5 8.Nb3 Nd7
9.a4 Be7 10.g4 Nh4 11.Nxh4 Bxh4 12.f4 f6 13.exf6 gxf6 14.f5 Bf7 15.Qd3 
exf5 16.Qh3 Bg5 17.Bxg5 fxg5 18.Rae1 O-O 19.Bd3 Kg7 20.gxf5 h6 21.Nc5 Nf6 
22.Ne6+ Bxe6 23.fxe6 Qe7 24.Qf5 Ne4 25.Qe5+ Rf6 26.Bxe4 dxe4 27.c4 Qxe6 
28.Rxf6 Qxf6 29.Rxe4 Rf8 30.Kg2 Kg6 31.Qxf6+ Rxf6 32.a5 Rf7 33.Re6+ Kf5 
34.Rxh6 Rd7 35.a6 bxa6 36.Rxc6 Rxd4 37.Rxa6 Rxc4 38.Rxa7 Rc2+ 39.Kg3 Rxb2 
40.Ra5+ Kg6 41.Ra8 Rb3+ 42.Kg4 Rb4+ 43.Kg3 Rb3+ 44.Kg4 Rb4+ 1/2-1/2

[Event "12th EUR-ch"]
[Site "Aix-les-Bains FRA"]
[Date "2011.04.02"]
[Round "11.28"]
[White "Chatalbashev, Boris"]
[Black "Andriasian, Zaven"]
[Result "1/2-1/2"]
[WhiteElo "2602"]
[BlackElo "2645"]
[EventDate "2011.03.22"]
[PlyCount "47"]

1.d4 d5 2.c4 c6 3.Nf3 Nf6 4.e3 e6 5.Bd3 dxc4 6.Bxc4 Nbd7 7.O-O Bd6 8.Nbd2 
O-O 9.b3 Qe7 10.Bb2 e5 11.Qc2 e4 12.Ng5 Bxh2+ 13.Kxh2 Ng4+ 14.Kg1 Qxg5 15.
Qxe4 Ndf6 16.Qf4 Qxf4 17.exf4 Bd7 18.Nf3 Nd5 19.Ne5 Rad8 20.Bxd5 cxd5 21.
Ba3 Rfe8 22.Rfe1 Nxe5 23.fxe5 Rc8 24.Rac1 1/2-1/2

[Event "12th EUR-ch"]
[Site "Aix-les-Bains FRA"]
[Date "2011.04.02"]
[Round "11.29"]
[White "Sjugirov, Sanan"]
[Black "Nevednichy, Vladislav"]
[Result "1-0"]
[WhiteElo "2643"]
[BlackElo "2534"]
[EventDate "2011.03.22"]
[PlyCount "67"]

1.e4 e6 2.d4 d5 3.Nd2 a6 4.Ngf3 Nf6 5.e5 Nfd7 6.c4 c5 7.cxd5 exd5 8.Bd3 
Nc6 9.O-O Be7 10.Re1 c4 11.Bc2 Nf8 12.h3 b5 13.Nf1 Be6 14.Ng3 h5 15.Be3 g6
16.Qc1 Rc8 17.a3 Qd7 18.Bg5 Bxg5 19.Qxg5 Qe7 20.Qd2 Rd8 21.b3 h4 22.Ne2 g5
23.Nxg5 Rg8 24.f4 Qa7 25.Kh2 Ne7 26.bxc4 Rxg5 27.fxg5 dxc4 28.Rad1 Nc6 29.
Qf4 Rd7 30.Be4 Ne7 31.Qxh4 Qb6 32.Rf1 c3 33.Nxc3 Rxd4 34.Qf2 1-0

[Event "12th EUR-ch"]
[Site "Aix-les-Bains FRA"]
[Date "2011.04.02"]
[Round "11.30"]
[White "Kulaots, Kaido"]
[Black "Sokolov, Ivan"]
[Result "1-0"]
[WhiteElo "2601"]
[BlackElo "2643"]
[EventDate "2011.03.22"]
[PlyCount "81"]

1.e4 e5 2.Nf3 Nc6 3.Bb5 a6 4.Ba4 Nge7 5.Nc3 d6 6.a3 Bd7 7.Bb3 Ng6 8.Nd5 
Be7 9.c3 O-O 10.d3 Kh8 11.h4 Bg4 12.Ne3 Qd7 13.g3 Bf6 14.Nxg4 Qxg4 15.Ng5 
Qxd1+ 16.Kxd1 Nd8 17.Be3 Ne7 18.Ke2 h5 19.Rag1 Ng8 20.g4 hxg4 21.Rxg4 Be7 
22.f4 f5 23.exf5 Nh6 24.Rg2 exf4 25.Bxf4 Rxf5 26.Bc1 d5 27.Kd1 Bd6 28.Re1 
Nc6 29.d4 Raf8 30.Ne6 R8f7 31.Rg5 Ne7 32.Nd8 c6 33.Nxf7+ Rxf7 34.Rgg1 Nhf5
35.h5 Ng3 36.Re6 Bc7 37.Bc2 Nef5 38.h6 gxh6 39.Bxh6 Kh7 40.Bd2 Kg8 41.Bxf5
1-0

[Event "12th EUR-ch"]
[Site "Aix-les-Bains FRA"]
[Date "2011.04.02"]
[Round "11.31"]
[White "Pashikian, Arman"]
[Black "Gabrielian, Artur"]
[Result "1-0"]
[WhiteElo "2642"]
[BlackElo "2532"]
[EventDate "2011.03.22"]
[PlyCount "103"]

1.d4 Nf6 2.c4 g6 3.Nc3 d5 4.cxd5 Nxd5 5.e4 Nxc3 6.bxc3 Bg7 7.Be3 c5 8.Qd2 
Qa5 9.Rc1 O-O 10.Nf3 Nd7 11.Bd3 b5 12.Bh6 c4 13.Bb1 Re8 14.h4 Bxh6 15.Qxh6
e5 16.dxe5 Nf8 17.h5 b4 18.hxg6 fxg6 19.cxb4 Qxb4+ 20.Qd2 Qb6 21.O-O Be6 
22.Ng5 Rad8 23.Qc3 Rd4 24.a3 Qc5 25.Ba2 Rc8 26.Rfd1 Rcd8 27.Rxd4 Rxd4 28.
Nxe6 Nxe6 29.Bxc4 Kg7 30.Qc2 Ng5 31.Ba2 Qxa3 32.e6 Rxe4 33.Bd5 Re5 34.Qc7+
Kf6 35.Rd1 Nxe6 36.Bxe6 Rxe6 37.Qxh7 Qe7 38.Qh8+ Kf7 39.Rd5 Re1+ 40.Kh2 
Re6 41.Rd8 g5 42.Qg8+ Kf6 43.Rf8+ Ke5 44.Rf7 Qd6 45.Qxg5+ Kd4+ 46.g3 Kd3 
47.Qb5+ Kc3 48.Rxa7 Re5 49.Qb7 Qh6+ 50.Kg2 Qe6 51.Qf3+ Kd2 52.Rc7 1-0

[Event "12th EUR-ch"]
[Site "Aix-les-Bains FRA"]
[Date "2011.04.02"]
[Round "11.32"]
[White "Edouard, Romain"]
[Black "Alexandrov, Alexei"]
[Result "1-0"]
[WhiteElo "2600"]
[BlackElo "2638"]
[EventDate "2011.03.22"]
[PlyCount "123"]

1.d4 Nf6 2.c4 e6 3.Nf3 d5 4.Nc3 Bb4 5.cxd5 exd5 6.Bg5 h6 7.Bh4 c5 8.e3 c4 
9.Be2 Bf5 10.O-O g5 11.Bg3 Bxc3 12.bxc3 Ne4 13.Rc1 Nd7 14.Nd2 Nxg3 15.fxg3
Bh7 16.e4 O-O 17.exd5 b5 18.Bf3 Rb8 19.g4 Nf6 20.Re1 Nxd5 21.Bxd5 Qxd5 22.
Qf3 Qxf3 23.gxf3 f5 24.gxf5 Bxf5 25.Ne4 Rb6 26.Nc5 Rf7 27.Re8+ Kg7 28.a3 
Bh3 29.Re3 Rg6 30.Rce1 h5 31.Re7 Rf6 32.Rxf7+ Rxf7 33.Kf2 h4 34.Re5 Kg6 
35.Ne4 Rf5 36.Re6+ Kf7 37.Ra6 Kf8 38.Ke3 g4 39.f4 Bg2 40.Rh6 Rf7 41.Rh8+ 
Kg7 42.Rxh4 Bf3 43.Rh5 a6 44.Nf2 Kf6 45.h3 Rg7 46.hxg4 Bxg4 47.Rg5 Bd7 48.
Ne4+ Kf7 49.Rxg7+ Kxg7 50.Nc5 Bc8 51.d5 Kf6 52.d6 Bg4 53.Nxa6 Ke6 54.Nc7+ 
Kxd6 55.Nxb5+ Kd5 56.Nc7+ Kd6 57.Na6 Kc6 58.Kd4 Be6 59.Nc5 Bg8 60.f5 Kb5 
61.f6 Bf7 62.Nd7 1-0

[Event "12th EUR-ch"]
[Site "Aix-les-Bains FRA"]
[Date "2011.04.02"]
[Round "11.33"]
[White "Bartel, Mateusz"]
[Black "Guliyev, Namig"]
[Result "0-1"]
[WhiteElo "2638"]
[BlackElo "2522"]
[EventDate "2011.03.22"]
[PlyCount "116"]

1.d4 d5 2.c4 c6 3.Nc3 Nf6 4.e3 e6 5.Qc2 Nbd7 6.Bd2 Bd6 7.cxd5 exd5 8.Bd3 
O-O 9.Nge2 c5 10.Nb5 Be7 11.Ng3 a6 12.Nc3 Re8 13.O-O Bf8 14.a4 b6 15.Be2 
Bb7 16.Bf3 Qc7 17.Qb3 Rad8 18.Rac1 Ne4 19.Ncxe4 dxe4 20.Be2 Nf6 21.Bb4 Bd5
22.Qc3 Bb7 23.Ba3 Rc8 24.a5 bxa5 25.dxc5 Nd5 26.Qb3 Nb4 27.Bxb4 axb4 28.c6
Bxc6 29.Bxa6 Rb8 30.Bc4 Rb6 31.Rfd1 Re5 32.Qc2 Qe7 33.Bb3 h5 34.Ne2 h4 35.
Nf4 Rg5 36.h3 g6 37.Bd5 Bb7 38.Rd4 Re5 39.Bxb7 Qxb7 40.Rd8 Rd6 41.Rc8 Kg7 
42.Qa4 Qd7 43.Qa8 Rd1+ 44.Rxd1 Qxd1+ 45.Kh2 Qd6 46.Rd8 Qc5 47.b3 Bd6 48.
Rg8+ Kf6 49.Rc8 Qa5 50.Qc6 Re6 51.Qd7 Kg7 52.Rc6 Qe5 53.Qd8 Qf6 54.Qxf6+ 
Rxf6 55.g3 Bxf4 56.Rxf6 Bxg3+ 57.fxg3 Kxf6 58.gxh4 Ke5 0-1

[Event "12th EUR-ch"]
[Site "Aix-les-Bains FRA"]
[Date "2011.04.02"]
[Round "11.34"]
[White "Zherebukh, Yaroslav"]
[Black "Hracek, Zbynek"]
[Result "1-0"]
[WhiteElo "2560"]
[BlackElo "2631"]
[EventDate "2011.03.22"]
[PlyCount "193"]

1.e4 e5 2.Nf3 Nc6 3.Bb5 a6 4.Ba4 Nf6 5.O-O Be7 6.Re1 b5 7.Bb3 O-O 8.h3 Bb7
9.d3 d6 10.a3 Qd7 11.Nbd2 Rae8 12.Nf1 Bd8 13.Ng3 Ne7 14.a4 h6 15.axb5 axb5
16.Nh2 Kh8 17.Ng4 Nh7 18.Ne3 c6 19.Bd2 Bb6 20.Nef5 Nxf5 21.Nxf5 Qd8 22.Bb4
c5 23.Bd2 Bc8 24.Bd5 Qc7 25.Qf3 Be6 26.c4 b4 27.Ra6 Rb8 28.b3 Qd8 29.Rea1 
Nf6 30.Bc6 Qc7 31.Bb5 Qd8 32.Bc6 Qc7 33.Ba8 Qd8 34.g4 Nh7 35.Qg3 Bc8 36.
R6a2 Ng5 37.Bxg5 hxg5 38.Kg2 g6 39.Ne3 Kg7 40.Qf3 Be6 41.Bd5 Qf6 42.Qxf6+ 
Kxf6 43.Ra6 Kg7 44.Bxe6 fxe6 45.Rh1 Rf7 46.Rha1 Rd7 47.Nf1 Rbb7 48.R1a4 
Rb8 49.Nd2 Rf7 50.Ra2 Rff8 51.Nf3 Kf6 52.Ra1 Rh8 53.Kg3 Rh7 54.Ra8 Rhh8 
55.Rxb8 Rxb8 56.Ra6 Rb7 57.Kg2 Rb8 58.Kg3 Rb7 59.Ra8 Rd7 60.h4 gxh4+ 61.
Kxh4 Rd8 62.Ra6 Rb8 63.g5+ Ke7 64.Kg4 Bc7 65.Ng1 Kd7 66.Nh3 Rh8 67.f4 Rf8 
68.Ra7 Kc6 69.Ra6+ Kb7 70.Ra2 Kc6 71.Ra6+ Kb7 72.Ra1 Kc6 73.Rg1 Kd7 74.Rg3
exf4 75.Nxf4 d5 76.Nxg6 Rf1 77.Rf3 Rg1+ 78.Kh5 Rh1+ 79.Nh4 Bd8 80.Rg3 Ke8 
81.Kg4 Bc7 82.Rg2 Rb1 83.g6 Rxb3 84.Nf3 Kf8 85.Ng5 Be5 86.Nxe6+ Ke7 87.g7 
Bxg7 88.Nxg7 Rc3 89.Nf5+ Ke6 90.Kf4 Rxc4 91.Rg6+ Kd7 92.Ne3 Rd4 93.Ke5 b3 
94.Rb6 Rxd3 95.Nc4 Kc7 96.Rb5 Kc6 97.Rxb3 1-0